000 00501nam a2200181Ia 4500
003 GCL
008 140319s9999 xx 000 0 ara d
040 _aGCL /
_cGCL
082 0 4 _a896
_bا ص
100 1 _aنزار مروة
245 1 0 _aالصوت /
_cنزار مروة
700 1 _aاوكارا, غابريل
300 _a89 ص
490 _aذاكرة الشعوب
_v0
650 0 4 _aالادب الافريقى
650 0 4 _aالقصص الافريقية المترجمة
942 _2ddc
_cBK
999 _c46044
_d46044